000 00609nam a2200205Ii 4500
003 JO-AjNU
008 230606s9999||||xx |||||||||||||| ||und||
020 _a0-582-525-61-6
040 _aJO-AjNU
_beng
_erda
_cJO-AjNU
041 _aeng
050 1 4 _aPE887 1976
100 3 _aWest,Michael تأليف,
_eauthor
_92748
245 0 4 _aThe New Method English Dictionary
264 3 1 _aLondon:Longman Group LTD,1976
300 _a349p
336 _atext
_btxt
_2rdacontent
337 _aunmediated
_bn
_2rdamedia
338 _avolume
_bnc
_2rdacarrier
650 4 _aThe New Method English Dictionary-English
_92749
999 _aE1438
_c1438
_d1438